[Event "NDVM 2019 U16"]
[Site "Kiel"]
[Date "2019.09.09"]
[Round "5.1"]
[White "Post, Hugo"]
[Black "Bosselmann, Tom Linus"]
[Result "1/2-1/2"]
[BlackElo "2011"]
[WhiteElo "2176"]
[LiveChessVersion "1.4.8"]

1. e4 {[%clk 1:30:53]} c5 {[%clk 1:30:55]} 2. Nf3 {[%clk 1:31:09]} d6
{[%clk 1:31:13]} 3. d4 {[%clk 1:31:24]} cxd4 {[%clk 1:31:27]} 4. Nxd4
{[%clk 1:31:36]} Nf6 {[%clk 1:31:51]} 5. Nc3 {[%clk 1:31:47]} g6 {[%clk 1:30:40]}
6. Be3 {[%clk 1:31:10]} Bg7 {[%clk 1:31:05]} 7. f3 {[%clk 1:31:16]} O-O
{[%clk 1:31:28]} 8. Qd2 {[%clk 1:31:32]} Nc6 {[%clk 1:31:36]} 9. O-O-O
{[%clk 1:31:35]} d5 {[%clk 1:31:15]} 10. Qe1 {[%clk 1:31:39]} e5 {[%clk 1:30:23]}
11. Nxc6 {[%clk 1:31:49]} bxc6 {[%clk 1:30:47]} 12. exd5 {[%clk 1:31:59]} Nxd5
{[%clk 1:30:39]} 13. Bc4 {[%clk 1:29:31]} Be6 {[%clk 1:30:22]} 14. Ne4
{[%clk 1:28:48]} Qc7 {[%clk 1:30:41]} 15. Bc5 {[%clk 1:28:03]} Rfd8
{[%clk 1:30:14]} 16. g4 {[%clk 1:03:31]} h6 {[%clk 1:30:12]} 17. h4
{[%clk 0:57:05]} Rab8 {[%clk 1:01:11]} 18. Bb3 {[%clk 0:48:46]} a5
{[%clk 0:38:00]} 19. c4 {[%clk 0:17:13]} a4 {[%clk 0:35:08]} 20. Bxa4
{[%clk 0:16:50]} f5 {[%clk 0:31:27]} 21. gxf5 {[%clk 0:15:30]} gxf5
{[%clk 0:31:36]} 22. Ng3 {[%clk 0:12:04]} Nf4 {[%clk 0:29:38]} 23. Bc2
{[%clk 0:12:15]} e4 {[%clk 0:29:36]} 24. Ba3 {[%clk 0:11:46]} Rxd1+
{[%clk 0:26:58]} 25. Qxd1 {[%clk 0:12:10]} Nd3+ {[%clk 0:27:08]} 26. Bxd3
{[%clk 0:12:13]} Qxg3 {[%clk 0:27:32]} 27. fxe4 {[%clk 0:11:44]} fxe4
{[%clk 0:27:32]} 28. Bc2 {[%clk 0:10:06]} Qe3+ {[%clk 0:27:39]} 29. Qd2
{[%clk 0:10:15]} Bxb2+ {[%clk 0:28:06]} 30. Bxb2 {[%clk 0:10:21]} Qxd2+
{[%clk 0:28:23]} 31. Kxd2 {[%clk 0:10:49]} Rxb2 {[%clk 0:28:40]} 32. Kc3
{[%clk 0:09:38]} Rxa2 {[%clk 0:28:51]} 33. Bxe4 {[%clk 0:09:18]} Ra4
{[%clk 0:28:30]} 34. Bd3 {[%clk 0:07:46]} Ra3+ {[%clk 0:28:42]} 35. Kd2
{[%clk 0:07:50]} Ra4 {[%clk 0:28:03]} 36. Kc3 {[%clk 0:06:18]} Ra3+
{[%clk 0:28:32]} 37. Kd2 {[%clk 0:05:12]} Ra4 {[%clk 0:28:56]} 38. Kc3
{[%clk 0:04:49]} 1/2-1/2

[Event "NDVM 2019 U16"]
[Site "Kiel"]
[Date "2019.09.09"]
[Round "5.2"]
[White "Rietschel, Tilo"]
[Black "Dietz, Florian"]
[Result "0-1"]
[BlackElo "2080"]
[WhiteElo "1961"]
[LiveChessVersion "1.4.8"]

1. e4 {[%clk 1:30:54]} c5 {[%clk 1:30:55]} 2. Nf3 {[%clk 1:31:05]} e6
{[%clk 1:31:20]} 3. d4 {[%clk 1:30:55]} cxd4 {[%clk 1:31:42]} 4. Nxd4
{[%clk 1:31:18]} Nc6 {[%clk 1:32:08]} 5. Nc3 {[%clk 1:31:31]} Qc7
{[%clk 1:32:32]} 6. Be3 {[%clk 1:26:02]} a6 {[%clk 1:32:28]} 7. Be2
{[%clk 1:26:22]} b5 {[%clk 1:32:08]} 8. f4 {[%clk 1:15:15]} Bb7 {[%clk 1:26:19]}
9. O-O {[%clk 1:04:17]} Bc5 {[%clk 1:25:19]} 10. Bf2 {[%clk 0:55:05]} d6
{[%clk 1:17:41]} 11. Bf3 {[%clk 0:45:01]} Nf6 {[%clk 1:11:35]} 12. Ndxb5
{[%clk 0:42:57]} axb5 {[%clk 1:05:24]} 13. Nxb5 {[%clk 0:43:03]} Qa5
{[%clk 1:02:57]} 14. Bxc5 {[%clk 0:41:21]} Qxb5 {[%clk 1:03:12]} 15. Bxd6
{[%clk 0:41:39]} Qb6+ {[%clk 1:02:42]} 16. Kh1 {[%clk 0:38:56]} Nd4
{[%clk 1:00:27]} 17. Be5 {[%clk 0:36:41]} Nxf3 {[%clk 1:00:01]} 18. Bxf6
{[%clk 0:36:34]} gxf6 {[%clk 0:54:41]} 19. gxf3 {[%clk 0:37:01]} Ba6
{[%clk 0:53:54]} 20. Rg1 {[%clk 0:33:38]} Rd8 {[%clk 0:47:19]} 21. Qe1
{[%clk 0:27:55]} Qxb2 {[%clk 0:46:13]} 22. Rg2 {[%clk 0:26:15]} Qa3
{[%clk 0:45:26]} 23. Rg3 {[%clk 0:14:10]} Ke7 {[%clk 0:43:11]} 24. e5
{[%clk 0:11:09]} f5 {[%clk 0:41:50]} 25. Qf2 {[%clk 0:05:48]} Qc3
{[%clk 0:37:43]} 26. Rb1 {[%clk 0:01:47]} Qd4 {[%clk 0:37:51]} 27. Qe1
{[%clk 0:01:20]} Rd5 {[%clk 0:30:07]} 28. Rh3 {[%clk 0:01:01]} Qxf4
{[%clk 0:29:56]} 29. c4 {[%clk 0:00:48]} Qxc4 {[%clk 0:23:19]} 30. Rc1
{[%clk 0:00:51]} Qa4 {[%clk 0:17:34]} 31. Rh4 {[%clk 0:00:53]} Qa3
{[%clk 0:16:34]} 32. Rc3 {[%clk 0:00:52]} Qxa2 {[%clk 0:09:06]} 33. Rb4
{[%clk 0:00:43]} Rc8 {[%clk 0:06:53]} 34. Rxc8 {[%clk 0:00:48]} Bxc8
{[%clk 0:07:18]} 35. Rb8 {[%clk 0:00:35]} Qc2 {[%clk 0:06:13]} 36. Rb1
{[%clk 0:00:34]} Rd2 {[%clk 0:05:41]} 0-1

[Event "NDVM 2019 U16"]
[Site "Kiel"]
[Date "2019.09.09"]
[Round "5.3"]
[White "Henning, Marvin"]
[Black "Glinzner, Alva"]
[Result "1-0"]
[BlackElo "1948"]
[WhiteElo "2034"]
[LiveChessVersion "1.4.8"]

1. e4 {[%clk 1:30:57]} c5 {[%clk 1:30:28]} 2. c4 {[%clk 1:31:17]} Nc6
{[%clk 1:30:06]} 3. Nc3 {[%clk 1:31:41]} g6 {[%clk 1:29:43]} 4. g3
{[%clk 1:31:59]} Bg7 {[%clk 1:29:40]} 5. Bg2 {[%clk 1:32:22]} d6 {[%clk 1:28:03]}
6. Nge2 {[%clk 1:32:43]} a6 {[%clk 1:26:09]} 7. O-O {[%clk 1:32:49]} e6
{[%clk 1:25:54]} 8. f4 {[%clk 1:32:48]} Nge7 {[%clk 1:25:54]} 9. d3
{[%clk 1:32:54]} O-O {[%clk 1:25:17]} 10. Be3 {[%clk 1:32:30]} Nd4
{[%clk 1:24:30]} 11. Bf2 {[%clk 1:29:53]} Nec6 {[%clk 1:23:14]} 12. Nxd4
{[%clk 1:28:48]} cxd4 {[%clk 1:18:48]} 13. Ne2 {[%clk 1:28:55]} e5
{[%clk 1:14:09]} 14. h3 {[%clk 1:28:29]} f5 {[%clk 1:11:24]} 15. Kh2
{[%clk 1:22:07]} Qd7 {[%clk 1:08:29]} 16. exf5 {[%clk 1:19:00]} gxf5
{[%clk 1:06:41]} 17. Rb1 {[%clk 1:16:11]} a5 {[%clk 1:05:08]} 18. Qd2
{[%clk 1:14:57]} Kh8 {[%clk 1:04:08]} 19. b3 {[%clk 1:12:36]} Qf7
{[%clk 0:53:05]} 20. a3 {[%clk 1:10:42]} Re8 {[%clk 0:51:53]} 21. Rfe1
{[%clk 1:08:41]} Bd7 {[%clk 0:48:30]} 22. b4 {[%clk 1:08:11]} axb4
{[%clk 0:46:50]} 23. axb4 {[%clk 1:08:36]} Ra7 {[%clk 0:46:36]} 24. b5
{[%clk 1:08:29]} Na5 {[%clk 0:42:00]} 25. Qb4 {[%clk 1:08:17]} Qg6
{[%clk 0:35:33]} 26. c5 {[%clk 0:57:17]} dxc5 {[%clk 0:19:53]} 27. Qxc5
{[%clk 0:57:29]} b6 {[%clk 0:20:12]} 28. Qb4 {[%clk 0:57:42]} Nb7
{[%clk 0:14:43]} 29. fxe5 {[%clk 0:56:57]} Nc5 {[%clk 0:13:37]} 30. Nf4
{[%clk 0:56:20]} Qh6 {[%clk 0:09:43]} 31. Bxd4 {[%clk 0:44:16]} Ra4
{[%clk 0:08:27]} 32. Qc3 {[%clk 0:42:15]} Rc8 {[%clk 0:08:11]} 33. Qb2
{[%clk 0:25:06]} Be6 {[%clk 0:02:29]} 34. Ra1 {[%clk 0:24:18]} Rxa1
{[%clk 0:01:57]} 35. Rxa1 {[%clk 0:24:15]} Nb3 {[%clk 0:01:20]} 36. Ra7
{[%clk 0:23:36]} Bg8 {[%clk 0:00:57]} 37. h4 {[%clk 0:12:13]} Rd8
{[%clk 0:01:07]} 38. Ra8 {[%clk 0:11:55]} Rxa8 {[%clk 0:01:09]} 39. Bxa8
{[%clk 0:12:23]} Nxd4 {[%clk 0:01:02]} 40. Qxd4 {[%clk 0:12:43]} Bf8
{[%clk 0:00:55]} 41. Bd5 {[%clk 0:07:22]} Bc5 {[%clk 0:30:14]} 42. Qc4
{[%clk 0:37:32]} Qg7 {[%clk 0:25:11]} 43. d4 {[%clk 0:34:26]} Be7
{[%clk 0:25:20]} 44. Bxg8 {[%clk 0:34:24]} Qxg8 {[%clk 0:25:27]} 45. Qxg8+
{[%clk 0:34:25]} Kxg8 {[%clk 0:25:54]} 46. Nd5 {[%clk 0:34:40]} Bd8
{[%clk 0:26:11]} 47. e6 {[%clk 0:34:56]} 1-0

[Event "NDVM 2019 U16"]
[Site "Kiel"]
[Date "2019.09.09"]
[Round "5.4"]
[White "Bornholdt, Joa Max"]
[Black "Hundrieser, Malte"]
[Result "1-0"]
[BlackElo "1804"]
[WhiteElo "1868"]
[LiveChessVersion "1.4.8"]

1. e4 {[%clk 1:30:58]} c5 {[%clk 1:30:33]} 2. Nf3 {[%clk 1:31:23]} Nc6
{[%clk 1:30:49]} 3. d4 {[%clk 1:31:45]} cxd4 {[%clk 1:31:04]} 4. Nxd4
{[%clk 1:32:14]} g6 {[%clk 1:31:02]} 5. c4 {[%clk 1:32:20]} d6 {[%clk 1:29:44]}
6. Nc3 {[%clk 1:32:33]} Nf6 {[%clk 1:29:15]} 7. Be2 {[%clk 1:32:00]} Bg7
{[%clk 1:29:09]} 8. Nc2 {[%clk 1:30:42]} O-O {[%clk 1:29:08]} 9. O-O
{[%clk 1:29:14]} Bd7 {[%clk 1:25:49]} 10. Be3 {[%clk 1:27:56]} Qa5
{[%clk 1:22:41]} 11. Rc1 {[%clk 1:15:25]} Rfc8 {[%clk 1:21:47]} 12. f4
{[%clk 1:13:48]} Nb4 {[%clk 1:11:41]} 13. Nxb4 {[%clk 1:10:45]} Qxb4
{[%clk 1:11:58]} 14. e5 {[%clk 1:09:14]} Ne8 {[%clk 1:02:08]} 15. Nd5
{[%clk 1:08:16]} Qxb2 {[%clk 1:00:04]} 16. Nxe7+ {[%clk 1:06:02]} Kh8
{[%clk 0:57:13]} 17. Nxc8 {[%clk 1:06:16]} Rxc8 {[%clk 0:56:24]} 18. Rb1
{[%clk 1:04:44]} Qa3 {[%clk 0:53:14]} 19. Rb3 {[%clk 1:04:07]} Qxa2
{[%clk 0:50:31]} 20. Rxb7 {[%clk 1:03:29]} Be6 {[%clk 0:49:26]} 21. Rxa7
{[%clk 0:56:04]} Qb2 {[%clk 0:48:14]} 22. Bd4 {[%clk 0:51:54]} Qb4
{[%clk 0:43:31]} 23. Ra4 {[%clk 0:50:38]} Qb8 {[%clk 0:41:12]} 24. Qa1
{[%clk 0:38:15]} Kg8 {[%clk 0:34:36]} 25. Bf3 {[%clk 0:32:46]} dxe5
{[%clk 0:22:28]} 26. Rb1 {[%clk 0:29:31]} Qd6 {[%clk 0:18:48]} 27. fxe5
{[%clk 0:29:29]} Qd8 {[%clk 0:17:30]} 28. Qc3 {[%clk 0:16:22]} Nc7
{[%clk 0:16:29]} 29. Qe3 {[%clk 0:16:33]} Bf5 {[%clk 0:15:27]} 30. Rb7
{[%clk 0:13:44]} Bh6 {[%clk 0:12:18]} 31. Qc3 {[%clk 0:12:34]} Ne6
{[%clk 0:12:06]} 32. Bd5 {[%clk 0:11:55]} Qh4 {[%clk 0:09:56]} 33. Bf2
{[%clk 0:11:38]} Qg4 {[%clk 0:08:59]} 34. Bf3 {[%clk 0:10:07]} Qg5
{[%clk 0:08:47]} 35. Raa7 {[%clk 0:08:42]} Rf8 {[%clk 0:07:43]} 36. h4
{[%clk 0:07:18]} Qf4 {[%clk 0:03:50]} 37. g3 {[%clk 0:07:22]} Qc1+
{[%clk 0:03:51]} 38. Qxc1 {[%clk 0:07:50]} Bxc1 {[%clk 0:04:19]} 39. Bd5
{[%clk 0:04:23]} Nd8 {[%clk 0:01:37]} 40. Rb8 {[%clk 0:03:06]} Ne6
{[%clk 0:00:32]} 41. Rxf8+ {[%clk 0:03:15]} Kxf8 {[%clk 0:00:44]} 42. Rb7
{[%clk 0:25:45]} Bd2 {[%clk 0:26:24]} 43. Rb8+ {[%clk 0:20:50]} Kg7
{[%clk 0:25:04]} 44. Bxe6 {[%clk 0:18:45]} Bxe6 {[%clk 0:25:21]} 45. Bc5
{[%clk 0:18:04]} Kh6 {[%clk 0:21:54]} 46. Bf8+ {[%clk 0:14:57]} Kh5
{[%clk 0:22:13]} 47. c5 {[%clk 0:15:17]} Be1 {[%clk 0:19:28]} 48. c6
{[%clk 0:09:03]} Bxg3 {[%clk 0:18:47]} 49. Bg7 {[%clk 0:04:48]} Kg4
{[%clk 0:17:20]} 50. c7 {[%clk 0:04:08]} Kf3 {[%clk 0:17:10]} 51. c8=Q
{[%clk 0:04:01]} 1-0

[Event "NDVM 2019 U16"]
[Site "Kiel"]
[Date "2019.09.09"]
[Round "5.5"]
[White "Sulayev, Daniel"]
[Black "Woelk, Tom-Frederic"]
[Result "1/2-1/2"]
[BlackElo "2227"]
[WhiteElo "2140"]
[LiveChessVersion "1.4.8"]

1. e4 {[%clk 1:30:19]} e5 {[%clk 1:29:30]} 2. Nf3 {[%clk 1:30:25]} Nc6
{[%clk 1:29:56]} 3. Bc4 {[%clk 1:30:47]} Nf6 {[%clk 1:30:21]} 4. d4
{[%clk 1:31:05]} exd4 {[%clk 1:30:14]} 5. O-O {[%clk 1:31:18]} Nxe4
{[%clk 1:29:12]} 6. Re1 {[%clk 1:31:18]} d5 {[%clk 1:29:38]} 7. Bxd5
{[%clk 1:31:40]} Qxd5 {[%clk 1:30:06]} 8. Nc3 {[%clk 1:31:58]} Qa5
{[%clk 1:28:14]} 9. Nxe4 {[%clk 1:32:06]} Be7 {[%clk 1:26:36]} 10. Bg5
{[%clk 1:25:56]} f6 {[%clk 1:19:44]} 11. Nxf6+ {[%clk 1:10:54]} gxf6
{[%clk 1:01:48]} 12. Bxf6 {[%clk 1:11:06]} O-O {[%clk 1:01:53]} 13. Bxe7
{[%clk 1:10:20]} Rf7 {[%clk 1:01:57]} 14. Bh4 {[%clk 0:38:49]} Bg4
{[%clk 1:01:52]} 15. Re4 {[%clk 0:38:00]} Qf5 {[%clk 0:58:09]} 16. Qe2
{[%clk 0:36:13]} Bxf3 {[%clk 0:53:25]} 17. Qxf3 {[%clk 0:34:51]} Qxf3
{[%clk 0:53:43]} 18. gxf3 {[%clk 0:35:20]} Rxf3 {[%clk 0:53:51]} 19. Rae1
{[%clk 0:34:55]} 1/2-1/2

[Event "NDVM 2019 U16"]
[Site "Kiel"]
[Date "2019.09.09"]
[Round "5.6"]
[White "Kotyk, Michael"]
[Black "Breitzmann, Sander"]
[Result "1/2-1/2"]
[BlackElo "1951"]
[WhiteElo "2077"]
[LiveChessVersion "1.4.8"]

1. d4 {[%clk 1:30:51]} Nf6 {[%clk 1:30:44]} 2. c4 {[%clk 1:31:20]} e6
{[%clk 1:31:03]} 3. Nc3 {[%clk 1:31:41]} Bb4 {[%clk 1:31:27]} 4. Qc2
{[%clk 1:32:07]} O-O {[%clk 1:31:42]} 5. Nf3 {[%clk 1:32:06]} b6 {[%clk 1:28:53]}
6. a3 {[%clk 1:30:16]} Bxc3+ {[%clk 1:28:55]} 7. Qxc3 {[%clk 1:30:43]} Bb7
{[%clk 1:28:49]} 8. g3 {[%clk 1:31:05]} d6 {[%clk 1:27:09]} 9. Bg2
{[%clk 1:31:30]} Nbd7 {[%clk 1:27:19]} 10. O-O {[%clk 1:31:53]} Ne4
{[%clk 1:26:46]} 11. Qc2 {[%clk 1:32:22]} d5 {[%clk 1:05:09]} 12. Nd2
{[%clk 1:22:31]} Nxd2 {[%clk 0:55:45]} 13. Bxd2 {[%clk 1:22:19]} f5
{[%clk 0:53:23]} 14. Rac1 {[%clk 1:09:12]} c6 {[%clk 0:51:49]} 15. f3
{[%clk 1:08:00]} Nf6 {[%clk 0:51:40]} 16. c5 {[%clk 1:06:39]} Re8
{[%clk 0:35:04]} 17. Bf4 {[%clk 1:04:55]} Nd7 {[%clk 0:33:41]} 18. cxb6
{[%clk 1:01:33]} Qxb6 {[%clk 0:27:58]} 19. Rfd1 {[%clk 0:59:29]} e5
{[%clk 0:24:03]} 20. Be3 {[%clk 0:59:44]} e4 {[%clk 0:22:57]} 21. fxe4
{[%clk 0:58:51]} fxe4 {[%clk 0:23:20]} 22. Bh3 {[%clk 0:58:24]} Nf6
{[%clk 0:23:31]} 23. b4 {[%clk 0:54:30]} Ba6 {[%clk 0:21:52]} 24. Bg5
{[%clk 0:53:13]} Bc4 {[%clk 0:16:05]} 25. e3 {[%clk 0:51:57]} a5 {[%clk 0:13:46]}
26. Bf1 {[%clk 0:50:33]} Bxf1 {[%clk 0:09:55]} 27. Rxf1 {[%clk 0:50:50]} Re6
{[%clk 0:08:36]} 28. Qc5 {[%clk 0:48:24]} Qa7 {[%clk 0:06:56]} 29. Bxf6
{[%clk 0:46:42]} gxf6 {[%clk 0:07:25]} 30. b5 {[%clk 0:46:56]} Qxc5
{[%clk 0:04:36]} 31. Rxc5 {[%clk 0:47:19]} cxb5 {[%clk 0:05:01]} 32. Rxb5
{[%clk 0:47:48]} Rc6 {[%clk 0:04:55]} 33. Rxd5 {[%clk 0:48:01]} Rc3
{[%clk 0:05:00]} 34. Rxf6 {[%clk 0:45:00]} Rxe3 {[%clk 0:04:19]} 35. Rg5+
{[%clk 0:44:20]} Kh8 {[%clk 0:04:43]} 36. Rf7 {[%clk 0:34:42]} Rxa3
{[%clk 0:03:12]} 37. Rgg7 {[%clk 0:31:44]} Ra1+ {[%clk 0:03:06]} 38. Kf2
{[%clk 0:31:13]} a4 {[%clk 0:02:19]} 39. Rxh7+ {[%clk 0:30:59]} Kg8
{[%clk 0:02:48]} 40. Rhg7+ {[%clk 0:22:26]} Kh8 {[%clk 0:03:16]} 41. Rg4
{[%clk 0:08:28]} Ra2+ {[%clk 0:01:08]} 42. Kg1 {[%clk 0:05:48]} Ra1+
{[%clk 0:01:33]} 43. Kg2 {[%clk 0:04:03]} e3 {[%clk 0:29:43]} 44. Rf5
{[%clk 0:33:29]} Ra7 {[%clk 0:29:12]} 45. Rh5+ {[%clk 0:33:21]} Rh7
{[%clk 0:29:41]} 46. Re5 {[%clk 0:33:35]} Ra2+ {[%clk 0:29:31]} 47. Kf3
{[%clk 0:33:36]} Rhxh2 {[%clk 0:29:38]} 48. Rxe3 {[%clk 0:27:24]} a3
{[%clk 0:24:31]} 49. Ke4 {[%clk 0:21:38]} Ra1 {[%clk 0:23:31]} 50. Kf5
{[%clk 0:21:21]} Rh6 {[%clk 0:18:46]} 51. Re8+ {[%clk 0:12:22]} Kh7
{[%clk 0:19:11]} 52. Re7+ {[%clk 0:12:45]} Kh8 {[%clk 0:19:37]} 53. Re8+
{[%clk 0:12:09]} Kh7 {[%clk 0:20:06]} 54. Re7+ {[%clk 0:12:39]} Kh8
{[%clk 0:20:21]} 55. Ra7 {[%clk 0:07:05]} a2 {[%clk 0:18:30]} 56. Kg5
{[%clk 0:07:03]} Rb6 {[%clk 0:14:41]} 57. Re4 {[%clk 0:04:09]} Rb5+
{[%clk 0:14:36]} 58. Kg4 {[%clk 0:04:09]} Rb8 {[%clk 0:14:20]} 59. Re5
{[%clk 0:03:50]} Rd1 {[%clk 0:13:51]} 60. Rxa2 {[%clk 0:03:55]} Rxd4+
{[%clk 0:14:19]} 61. Kh3 {[%clk 0:03:51]} Rbd8 {[%clk 0:13:35]} 62. Raa5
{[%clk 0:02:45]} R8d7 {[%clk 0:10:34]} 63. Rh5+ {[%clk 0:02:26]} Kg7
{[%clk 0:11:03]} 64. Rag5+ {[%clk 0:02:21]} Kf6 {[%clk 0:11:08]} 65. Rf5+
{[%clk 0:02:45]} Ke6 {[%clk 0:10:31]} 66. Re5+ {[%clk 0:03:10]} Kd6
{[%clk 0:10:29]} 67. Reg5 {[%clk 0:02:48]} Rf7 {[%clk 0:07:36]} 68. Rh6+
{[%clk 0:02:59]} Ke7 {[%clk 0:07:35]} 69. Re5+ {[%clk 0:03:02]} Kf8
{[%clk 0:07:22]} 70. Rg5 {[%clk 0:03:03]} Rg7 {[%clk 0:06:15]} 71. Rh8+
{[%clk 0:02:40]} Kf7 {[%clk 0:06:44]} 72. Rf5+ {[%clk 0:02:58]} Ke6
{[%clk 0:07:02]} 73. Rf2 {[%clk 0:02:55]} Rd3 {[%clk 0:06:17]} 74. Rg2
{[%clk 0:02:56]} Kf7 {[%clk 0:06:24]} 75. Rf2+ {[%clk 0:02:29]} Ke7
{[%clk 0:06:46]} 76. Rg2 {[%clk 0:02:43]} Kf7 {[%clk 0:07:13]} 77. Ra8
{[%clk 0:02:38]} Rf3 {[%clk 0:06:54]} 78. Ra4 {[%clk 0:02:28]} Kg8
{[%clk 0:06:54]} 79. Ra8+ {[%clk 0:02:24]} Kh7 {[%clk 0:07:22]} 80. Kh4
{[%clk 0:02:34]} Kg6 {[%clk 0:05:49]} 81. Ra6+ {[%clk 0:02:06]} Rf6
{[%clk 0:05:47]} 82. Ra5 {[%clk 0:02:11]} Rf5 {[%clk 0:04:06]} 83. Ra6+
{[%clk 0:02:35]} Rf6 {[%clk 0:04:33]} 84. Ra8 {[%clk 0:02:07]} Rh7+
{[%clk 0:04:18]} 85. Kg4 {[%clk 0:02:35]} Rg7 {[%clk 0:04:29]} 86. Rh8
{[%clk 0:02:26]} Rh7 {[%clk 0:04:30]} 87. Rxh7 {[%clk 0:02:37]} Kxh7
{[%clk 0:04:54]} 88. Kg5 {[%clk 0:03:04]} Rf7 {[%clk 0:05:17]} 89. g4
{[%clk 0:03:28]} Kg7 {[%clk 0:05:40]} 90. Rh2 {[%clk 0:03:51]} Ra7
{[%clk 0:06:08]} 91. Rf2 {[%clk 0:04:15]} Ra5+ {[%clk 0:06:26]} 92. Rf5
{[%clk 0:04:44]} Rxf5+ {[%clk 0:06:36]} 93. Kxf5 {[%clk 0:05:02]} Kf7
{[%clk 0:07:03]} 94. g5 {[%clk 0:05:28]} Kg7 {[%clk 0:07:32]} 95. g6
{[%clk 0:05:53]} Kg8 {[%clk 0:07:55]} 96. Kf6 {[%clk 0:06:20]} Kf8
{[%clk 0:08:21]} 97. g7+ {[%clk 0:06:49]} Kg8 {[%clk 0:08:44]} 98. Kg6
{[%clk 0:07:16]} 1/2-1/2

[Event "NDVM 2019 U16"]
[Site "Kiel"]
[Date "2019.09.09"]
[Round "5.7"]
[White "Ellert, Stefan"]
[Black "Grabbel, Lennart Christian"]
[Result "0-1"]
[BlackElo "1927"]
[WhiteElo "1689"]
[LiveChessVersion "1.4.8"]

1. d4 {[%clk 1:30:03]} d5 {[%clk 1:30:57]} 2. e3 {[%clk 1:30:18]} Nf6
{[%clk 1:31:04]} 3. Bd3 {[%clk 1:30:38]} e6 {[%clk 1:30:17]} 4. f4
{[%clk 1:30:58]} b6 {[%clk 1:30:15]} 5. Nf3 {[%clk 1:31:09]} Bb7 {[%clk 1:30:38]}
6. O-O {[%clk 1:30:39]} Bd6 {[%clk 1:29:28]} 7. Ne5 {[%clk 1:29:31]} c5
{[%clk 1:28:14]} 8. c3 {[%clk 1:29:48]} Qc7 {[%clk 1:26:29]} 9. Nd2
{[%clk 1:28:35]} Nbd7 {[%clk 1:23:35]} 10. Ndf3 {[%clk 1:25:40]} Ne4
{[%clk 1:22:35]} 11. Qc2 {[%clk 1:22:47]} f5 {[%clk 1:18:50]} 12. Bb5
{[%clk 1:19:00]} Nef6 {[%clk 1:16:19]} 13. Ng5 {[%clk 1:11:13]} Ke7
{[%clk 1:16:37]} 14. Bxd7 {[%clk 1:05:11]} Nxd7 {[%clk 1:16:54]} 15. Nef7
{[%clk 1:05:27]} Rhf8 {[%clk 1:08:00]} 16. Nxd6 {[%clk 1:03:03]} Qxd6
{[%clk 1:08:24]} 17. Nxh7 {[%clk 1:03:24]} Rh8 {[%clk 1:08:50]} 18. Ng5
{[%clk 1:03:40]} Nf6 {[%clk 1:08:57]} 19. b3 {[%clk 0:57:33]} Rac8
{[%clk 1:07:47]} 20. Ba3 {[%clk 0:57:36]} Ng4 {[%clk 1:04:58]} 21. Rf3
{[%clk 0:48:24]} Nxh2 {[%clk 1:00:30]} 22. Rg3 {[%clk 0:47:50]} Ng4
{[%clk 1:00:08]} 23. Rxg4 {[%clk 0:47:18]} fxg4 {[%clk 1:00:31]} 24. Qg6
{[%clk 0:47:42]} Kd7 {[%clk 0:49:05]} 25. Nf7 {[%clk 0:42:48]} Qe7
{[%clk 0:49:24]} 26. Nxh8 {[%clk 0:41:15]} Rxh8 {[%clk 0:49:49]} 27. Qxg4
{[%clk 0:41:34]} Qf6 {[%clk 0:45:11]} 28. Rc1 {[%clk 0:39:43]} Rh4
{[%clk 0:39:12]} 29. Qg3 {[%clk 0:39:26]} Kc6 {[%clk 0:24:27]} 30. b4
{[%clk 0:26:44]} c4 {[%clk 0:20:47]} 31. b5+ {[%clk 0:26:57]} Kxb5
{[%clk 0:20:03]} 32. Rb1+ {[%clk 0:27:18]} Kc6 {[%clk 0:20:26]} 33. f5
{[%clk 0:27:29]} exf5 {[%clk 0:20:33]} 34. Qb8 {[%clk 0:22:14]} Qe6
{[%clk 0:20:53]} 35. Qg3 {[%clk 0:21:42]} Rg4 {[%clk 0:20:25]} 36. Qf3
{[%clk 0:20:03]} Bc8 {[%clk 0:16:29]} 37. Bc1 {[%clk 0:18:33]} Bd7
{[%clk 0:16:40]} 38. a4 {[%clk 0:16:57]} Be8 {[%clk 0:16:16]} 39. Qe2
{[%clk 0:16:24]} Bg6 {[%clk 0:15:51]} 40. Rb2 {[%clk 0:13:00]} Bh5
{[%clk 0:10:14]} 41. Qf2 {[%clk 0:12:07]} Qe4 {[%clk 0:08:35]} 42. a5
{[%clk 0:07:51]} Rg6 {[%clk 0:00:59]} 43. axb6 {[%clk 0:06:54]} axb6
{[%clk 0:01:25]} 44. Qf4 {[%clk 0:06:53]} Qxf4 {[%clk 0:24:49]} 45. exf4
{[%clk 0:37:10]} Bf3 {[%clk 0:25:16]} 46. Rf2 {[%clk 0:36:10]} Be4
{[%clk 0:25:37]} 47. Ba3 {[%clk 0:36:27]} Rg3 {[%clk 0:20:20]} 48. Bb4
{[%clk 0:36:40]} g5 {[%clk 0:19:03]} 49. fxg5 {[%clk 0:35:49]} Rxg5
{[%clk 0:19:27]} 50. Kh2 {[%clk 0:35:49]} Kb5 {[%clk 0:17:01]} 51. Be7
{[%clk 0:33:02]} Rg6 {[%clk 0:16:42]} 52. Rb2+ {[%clk 0:32:10]} Kc6
{[%clk 0:14:21]} 53. Bd8 {[%clk 0:30:20]} Kd7 {[%clk 0:13:19]} 54. Bxb6
{[%clk 0:29:15]} Bxg2 {[%clk 0:13:42]} 55. Bc5 {[%clk 0:26:18]} Be4
{[%clk 0:13:36]} 56. Rb7+ {[%clk 0:26:33]} Kc8 {[%clk 0:11:51]} 57. Rf7
{[%clk 0:26:47]} Rg2+ {[%clk 0:10:39]} 58. Kh3 {[%clk 0:26:39]} Rb2
{[%clk 0:09:54]} 59. Ra7 {[%clk 0:23:41]} f4 {[%clk 0:10:12]} 60. Rf7
{[%clk 0:23:22]} f3 {[%clk 0:10:38]} 61. Rf4 {[%clk 0:22:12]} Rb3
{[%clk 0:10:43]} 62. Rf8+ {[%clk 0:20:37]} Kb7 {[%clk 0:09:14]} 63. Rf7+
{[%clk 0:20:05]} Ka6 {[%clk 0:09:29]} 64. Ra7+ {[%clk 0:19:58]} Kb5
{[%clk 0:09:54]} 65. Rb7+ {[%clk 0:20:13]} Kc6 0-1